| 000 | 00393nab a22001097u 4500 | ||
|---|---|---|---|
| 008 | 130520b2003 xxu||||| |||| 00| 0 spa d | ||
| 041 | _aspa | ||
| 100 | 1 |
_aEmmanuel, S. J. _970049 |
|
| 245 | 0 | 0 |
_aEl martirio en el marco de una lucha asiática por la vida y la dignidad de los tamiles de Sri Lanka _cS. J. Emmanuel |
| 773 | 0 |
_tConcilium _gnº299,2003,págs. 25-32 _x0210-1041 _wRev134 |
|
| 942 | _cAR | ||
| 999 |
_c362588 _d362588 |
||